Library Logo

Options for global trade reform : (Record no. 79854)

000 -LEADER
fixed length control field 01443cam a22004094a 4500
001 - CONTROL NUMBER
control field 4080604
003 - CONTROL NUMBER IDENTIFIER
control field BD-DhUL
005 - DATE AND TIME OF LATEST TRANSACTION
control field 20160622124324.0
008 - FIXED-LENGTH DATA ELEMENTS--GENERAL INFORMATION
fixed length control field 020801s2003 xxka b 001 0 eng
010 ## - LIBRARY OF CONGRESS CONTROL NUMBER
LC control number 2002031243
020 ## - INTERNATIONAL STANDARD BOOK NUMBER
International Standard Book Number 052182124X
035 ## - SYSTEM CONTROL NUMBER
System control number (OCoLC)ocm50315111
035 ## - SYSTEM CONTROL NUMBER
System control number (NNC)4080604
040 ## - CATALOGING SOURCE
Transcribing agency BD-DhUL
Modifying agency BD-DhUL
042 ## - AUTHENTICATION CODE
Authentication code pcc
043 ## - GEOGRAPHIC AREA CODE
Geographic area code a------
-- p------
-- d------
050 00 - LIBRARY OF CONGRESS CALL NUMBER
Classification number HF2294
Item number .O68 2003
082 ## - DEWEY DECIMAL CLASSIFICATION NUMBER
Classification number 381
Item number OPT
245 00 - TITLE STATEMENT
Title Options for global trade reform :
Remainder of title a view from the Asia-Pacific /
Statement of responsibility, etc. Will Martin and Mari Pangestu.
260 ## - PUBLICATION, DISTRIBUTION, ETC. (IMPRINT)
Place of publication, distribution, etc. Cambridge :
Name of publisher, distributor, etc. Cambridge University Press,
Date of publication, distribution, etc. 2003.
300 ## - PHYSICAL DESCRIPTION
Extent xvii, 316 p. :
Other physical details ill. ;
Dimensions 24 cm.
504 ## - BIBLIOGRAPHY, ETC. NOTE
Bibliography, etc Includes bibliographical references and index.
610 20 - SUBJECT ADDED ENTRY--CORPORATE NAME
Corporate name or jurisdiction name as entry element World Trade Organization
Geographic subdivision Developing countries.
650 #0 - SUBJECT ADDED ENTRY--TOPICAL TERM
Topical term or geographic name as entry element Free trade
Geographic subdivision Asia.
650 #0 - SUBJECT ADDED ENTRY--TOPICAL TERM
Topical term or geographic name as entry element Free trade
Geographic subdivision Pacific Area.
650 #0 - SUBJECT ADDED ENTRY--TOPICAL TERM
Topical term or geographic name as entry element Foreign trade regulation
Geographic subdivision Asia.
650 #0 - SUBJECT ADDED ENTRY--TOPICAL TERM
Topical term or geographic name as entry element Foreign trade regulation
Geographic subdivision Pacific Area.
650 #0 - SUBJECT ADDED ENTRY--TOPICAL TERM
Topical term or geographic name as entry element International trade.
651 #0 - SUBJECT ADDED ENTRY--GEOGRAPHIC NAME
Geographic name Asia
General subdivision Commercial policy.
651 #0 - SUBJECT ADDED ENTRY--GEOGRAPHIC NAME
Geographic name Pacific Area
General subdivision Commercial policy.
700 1# - ADDED ENTRY--PERSONAL NAME
Personal name Martin, Will.
700 1# - ADDED ENTRY--PERSONAL NAME
Personal name Pangestu, Mari.
830 #0 - SERIES ADDED ENTRY--UNIFORM TITLE
Uniform title Trade and development (Cambridge, England)
856 42 - ELECTRONIC LOCATION AND ACCESS
Materials specified Publisher description
Uniform Resource Identifier http://www.loc.gov/catdir/description/cam031/2002031243.html
856 41 - ELECTRONIC LOCATION AND ACCESS
Materials specified Table of contents
Uniform Resource Identifier http://www.loc.gov/catdir/toc/cam031/2002031243.html
942 ## - ADDED ENTRY ELEMENTS (KOHA)
Source of classification or shelving scheme
Koha item type Books
Holdings
Price effective from Date last seen Permanent Location Not for loan Date acquired Source of classification or shelving scheme Koha item type Lost status Withdrawn status Source of acquisition Collection code Damaged status Shelving location Barcode Current Location Full call number
2016-06-222016-06-22Dhaka University Library 2010-12-19 Books  purchasedNon Fiction General Stacks454874Dhaka University Library381 OPT
Last Updated on September 15, 2019
© Dhaka University Library. All Rights Reserved|Staff Login